<?xml version="1.0" encoding="UTF-8"?>
<marc:record xmlns:marc="http://www.loc.gov/MARC21/slim">
   <marc:leader>00000nam a2200000 a 4500</marc:leader>
   <marc:datafield ind1="1" ind2=" " tag="100">
      <marc:subfield code="a">Tölle, Rainer</marc:subfield>
      <marc:subfield code="4">aut</marc:subfield>
      <marc:subfield code="e">Verfasser/-in</marc:subfield>
   </marc:datafield>
   <marc:datafield ind1=" " ind2=" " tag="653">
      <marc:subfield code="a">Wahn</marc:subfield>
   </marc:datafield>
   <marc:datafield ind1=" " ind2=" " tag="653">
      <marc:subfield code="a">Softcover</marc:subfield>
   </marc:datafield>
   <marc:datafield ind1=" " ind2=" " tag="653">
      <marc:subfield code="a">Karte</marc:subfield>
   </marc:datafield>
   <marc:datafield ind1=" " ind2=" " tag="653">
      <marc:subfield code="a">Pharmazie / Sonstige Fachgebiete</marc:subfield>
   </marc:datafield>
   <marc:datafield ind1=" " ind2=" " tag="653">
      <marc:subfield code="a">Psychologen</marc:subfield>
   </marc:datafield>
   <marc:datafield ind1=" " ind2=" " tag="653">
      <marc:subfield code="a">Neurologen und Sozialpädagogen</marc:subfield>
   </marc:datafield>
   <marc:datafield ind1=" " ind2=" " tag="653">
      <marc:subfield code="a">die im psychotherapeutischen Bereich tätig sind</marc:subfield>
   </marc:datafield>
   <marc:datafield ind1=" " ind2=" " tag="653">
      <marc:subfield code="a">TN000</marc:subfield>
   </marc:datafield>
   <marc:datafield ind1="0" ind2="0" tag="245">
      <marc:subfield code="a">Wahn</marc:subfield>
   </marc:datafield>
   <marc:datafield ind1="0" ind2="0" tag="245">
      <marc:subfield code="b">seelische Krankheiten ; geschichtliche Vorkommnisse ; literarische Themen</marc:subfield>
   </marc:datafield>
   <marc:datafield ind1="0" ind2="0" tag="245">
      <marc:subfield code="c">Rainer Tölle</marc:subfield>
   </marc:datafield>
   <marc:datafield ind1=" " ind2="1" tag="264">
      <marc:subfield code="a">Stuttgart</marc:subfield>
      <marc:subfield code="b">Schattauer</marc:subfield>
      <marc:subfield code="c">2008</marc:subfield>
   </marc:datafield>
   <marc:datafield ind1="1" ind2=" " tag="520">
      <marc:subfield code="a">Angaben aus der Verlagsmeldung

Wahn / von Rainer Tölle

Was erlebt der Patient im Wahn?" oder „Wie erlebt er den Wahn?". Ausgehend von diesen und weiteren Fragen spannt der Autor, ein renommierter Experte seines Fachs, den Bogen vom Wahnzustand bei seelischen Krankheiten, den klinischen Aspekten wie z.B. der Ätiologie, Diagnose und Therapie bis hin zur philosophisch-religiösen Dimension des Wahns oder zum Wahn als beliebtem Motiv in der Literatur.
Eine wissenschaftlich eindeutige Definition fehlt bislang. Daher ist dem Autor die Abgrenzung des Begriffs „Wahn" sowohl in medizinisch-klinischer als auch in sprachlicher Hinsicht besonders wichtig. Aus medizinischer Sicht versteht er „Wahn" nicht als eine Krankheit, sondern als Symptom (Syndrom), das bei den unterschiedlichsten psychischen Krankheiten wie z.B. bei organischen Psychosen, Schizophrenien oder bei Alkohol- und Drogenabhängigkeit vorkommen kann. In einem eigenen Kapitel hebt der Autor die zentrale Bedeutung der Phantasiewelten, Träume oder Nebenrealitäten als mögliche Grenzbereiche des Wahns hervor.
In sprachlicher Hinsicht beweist die fachfremde Verwendung des Begriffs bei unerklärlichen Phänomenen wie z.B. in der Politik oder Geschichtsforschung (Massenwahn, Völkerwahn), dass Wahn über den medizinischen Bereich hinaus sehr viel umfassender verstanden wird.
Der Leser wird also auf vielfältige Weise mit den unterschiedlichsten medizinischen und kulturellen Aspekten des Wahns vertraut gemacht.
Das Buch richtet sich besonders an Psychiater, Psychologen, Neurologen und Sozialpädagogen, die im psychotherapeutischen Bereich tätig sind.
Vorteile/Essentials:
- Aktueller Überblick über die wichtigsten Aspekte zum Thema Wahn
- Phänomenologisch und systematisch präzise Abgrenzung des Symptoms
- Von einem der renommiertesten Experten des Fachgebiets verfasst
</marc:subfield>
   </marc:datafield>
   <marc:datafield ind1=" " ind2=" " tag="020">
      <marc:subfield code="a">9783794523894</marc:subfield>
      <marc:subfield code="9">9783794523894</marc:subfield>
   </marc:datafield>
   <marc:datafield ind1=" " ind2=" " tag="020">
      <marc:subfield code="a">379452389X</marc:subfield>
      <marc:subfield code="9">379452389X</marc:subfield>
   </marc:datafield>
   <marc:datafield ind1=" " ind2=" " tag="041">
      <marc:subfield code="a">ger</marc:subfield>
   </marc:datafield>
   <marc:datafield ind1=" " ind2=" " tag="300">
      <marc:subfield code="a">X, 241 S.</marc:subfield>
   </marc:datafield>
</marc:record>
